000 00317nam a22001457a 4500
003 SGT
020 _a938426665-5
082 _a611
_bARO
100 _aARORA, PANKAJ
245 _aHUMAN ANATOMY & PHYSIOLOGY -I
260 _aINDIA
_bBIRLA PUB.
_c2027
300 _a305
650 _aHUMAN ANATOMY
942 _2ddc
_cBK
999 _c33055
_d33055